000
00335 a2200157 4500
001
71633
020
_a
8599007238
040
_c
Anchieta - Colégio São Paulo
100
_a
Gouveia, Luis Augusto
240
1
0
_a
Carolina
_l
por
245
1
0
_a
Carolina
300
_a
39
362
0
_a
2005
650
4
_a
Literatura infantil
942
_c
BK
999
_c
71633
_d
71633